Welcome to Marium Abdulla Library

Embrace knowledge with a breath of fresh air.

Browse Collection

Marium Abdulla Library

The art of caricature (Record no. 9633)

MARC details
000 -LEADER
fixed length control field 00466nam a2200205Ia 4500
001 - CONTROL NUMBER
control field 14343
003 - CONTROL NUMBER IDENTIFIER
control field OSt
005 - DATE AND TIME OF LATEST TRANSACTION
control field 20260414133756.0
008 - FIXED-LENGTH DATA ELEMENTS--GENERAL INFORMATION
fixed length control field 211022s9999 xx 000 0 und d
020 ## - INTERNATIONAL STANDARD BOOK NUMBER
International Standard Book Number 0801414377
040 ## - CATALOGING SOURCE
Transcribing agency IVS
082 ## - DEWEY DECIMAL CLASSIFICATION NUMBER
Classification number 741.509 LUC
100 ## - MAIN ENTRY--PERSONAL NAME
Personal name Lucie-Smith, Edward.
245 #4 - TITLE STATEMENT
Title The art of caricature
260 ## - PUBLICATION, DISTRIBUTION, ETC.
Place of publication, distribution, etc. Ithaca, N.Y. :
260 ## - PUBLICATION, DISTRIBUTION, ETC.
Name of publisher, distributor, etc. Cornell University Press,
260 ## - PUBLICATION, DISTRIBUTION, ETC.
Date of publication, distribution, etc. 1981
300 ## - PHYSICAL DESCRIPTION
Extent 128 p. :
942 ## - ADDED ENTRY ELEMENTS (KOHA)
Koha item type Book
Source of classification or shelving scheme Dewey Decimal Classification
Suppress in OPAC No
Holdings
Date last seen Total checkouts Full call number Barcode Date last checked out Price effective from Koha item type Lost status Damaged status Not for loan Collection Withdrawn status Home library Current library Shelving location Date acquired Source of acquisition Cost, normal purchase price
05/27/2022 1 741.509 LUC 14343 11/03/2021 10/26/2021 Book       Administration   Marium Abdulla Library Marium Abdulla Library Non-Ref 06/20/2019 Amazon 2500.00